[Event "Blitz 2018"]
[Site "Saint-Petersburg"]
[Date "2018.12.30"]
[Round "15"]
[Board "86"]
[White "Kobo Ori (ISR)"]
[Black "Vlassov Nikolai (RUS)"]
[Result "1-0"]
[LiveChessVersion "1.4.8"]
[BlackElo "2438"]
[WhiteElo "2401"]

1. d4 {[%clk 0:03:02]} Nf6 {[%clk 0:03:03]} 2. c4 {[%clk 0:03:04]} Nc6
{[%clk 0:03:04]} 3. Nf3 {[%clk 0:02:57]} e6 {[%clk 0:03:06]} 4. a3
{[%clk 0:02:54]} g6 {[%clk 0:03:07]} 5. Nc3 Bg7 6. e4 {[%clk 0:02:56]} d5
{[%clk 0:03:10]} 7. e5 {[%clk 0:02:53]} Ne4 {[%clk 0:03:11]} 8. h4
{[%clk 0:02:40]} h6 {[%clk 0:02:58]} 9. Be3 {[%clk 0:02:34]} O-O {[%clk 0:02:51]}
10. h5 {[%clk 0:02:26]} g5 {[%clk 0:02:52]} 11. Bd3 {[%clk 0:02:28]} Nxc3
{[%clk 0:02:50]} 12. bxc3 {[%clk 0:02:29]} dxc4 {[%clk 0:02:51]} 13. Bb1
{[%clk 0:02:19]} f5 {[%clk 0:02:41]} 14. exf6 {[%clk 0:02:19]} Qxf6
{[%clk 0:02:42]} 15. Nd2 {[%clk 0:01:59]} e5 {[%clk 0:02:32]} 16. d5
{[%clk 0:01:56]} Na5 {[%clk 0:02:15]} 17. Ne4 {[%clk 0:01:57]} Qf7
{[%clk 0:02:11]} 18. Ng3 {[%clk 0:01:11]} Rd8 {[%clk 0:01:37]} 19. Qc2
{[%clk 0:00:48]} Qxd5 {[%clk 0:01:27]} 20. Qh7+ {[%clk 0:00:46]} Kf8
{[%clk 0:01:28]} 21. O-O {[%clk 0:00:41]} Be6 {[%clk 0:01:27]} 22. Nf5
{[%clk 0:00:23]} Bxf5 {[%clk 0:01:10]} 23. Qxf5+ {[%clk 0:00:24]} Ke7
{[%clk 0:00:55]} 24. Be4 {[%clk 0:00:24]} Qf7 {[%clk 0:00:19]} 25. Bc5+ Rd6 26.
Qg4 {[%clk 0:00:16]} Qf4 {[%clk 0:00:17]} 27. Qe2 {[%clk 0:00:16]} Nb3
{[%clk 0:00:16]} 28. Bxd6+ {[%clk 0:00:16]} cxd6 {[%clk 0:00:17]} 29. Rad1
{[%clk 0:00:14]} Rc8 {[%clk 0:00:15]} 30. g3 {[%clk 0:00:15]} Qf6
{[%clk 0:00:14]} 31. Qg4 {[%clk 0:00:15]} Rc7 {[%clk 0:00:13]} 32. Bd5
{[%clk 0:00:16]} b5 {[%clk 0:00:09]} 33. f4 {[%clk 0:00:16]} gxf4
{[%clk 0:00:09]} 34. gxf4 {[%clk 0:00:17]} exf4 {[%clk 0:00:08]} 35. Rde1+
{[%clk 0:00:17]} Kd8 {[%clk 0:00:09]} 36. Rxf4 {[%clk 0:00:12]} Qg5
{[%clk 0:00:10]} 37. Qxg5+ {[%clk 0:00:13]} hxg5 {[%clk 0:00:11]} 38. Rf3
{[%clk 0:00:13]} Be5 {[%clk 0:00:12]} 39. Rf8+ {[%clk 0:00:12]} Ke7
{[%clk 0:00:12]} 40. Rf7+ Kd8 41. Rf8+ {[%clk 0:00:14]} Kd7 {[%clk 0:00:15]} 42.
Rf7+ {[%clk 0:00:14]} Kd8 {[%clk 0:00:17]} 43. Rxc7 Kxc7 {[%clk 0:00:18]} 44.
Rxe5 {[%clk 0:00:10]} dxe5 {[%clk 0:00:17]} 45. h6 {[%clk 0:00:11]} Kd6
{[%clk 0:00:16]} 46. h7 {[%clk 0:00:05]} Kxd5 {[%clk 0:00:17]} 47. h8=Q
{[%clk 0:00:06]} Ke4 {[%clk 0:00:18]} 48. Qa8+ {[%clk 0:00:06]} Kd3
{[%clk 0:00:20]} 49. Qf3+ {[%clk 0:00:05]} Kc2 {[%clk 0:00:21]} 50. Kg2 Kb2
{[%clk 0:00:17]} 51. Qe3 {[%clk 0:00:04]} Kxa3 {[%clk 0:00:17]} 52. Qxe5
{[%clk 0:00:05]} a6 {[%clk 0:00:17]} 53. Qxg5 {[%clk 0:00:06]} Kb2
{[%clk 0:00:17]} 54. Qe5 {[%clk 0:00:06]} Nd2 {[%clk 0:00:16]} 55. Qf6
{[%clk 0:00:05]} Nb1 {[%clk 0:00:16]} 56. Qxa6 {[%clk 0:00:06]} Nxc3
{[%clk 0:00:17]} 57. Kf3 {[%clk 0:00:06]} Kb3 {[%clk 0:00:16]} 58. Ke3
{[%clk 0:00:07]} Kb4 {[%clk 0:00:15]} 59. Qd6+ {[%clk 0:00:07]} Kb3
{[%clk 0:00:17]} 60. Qc6 {[%clk 0:00:06]} Kb4 {[%clk 0:00:17]} 61. Kd4
{[%clk 0:00:07]} Ne2+ {[%clk 0:00:18]} 62. Kd5 {[%clk 0:00:07]} Nc3+
{[%clk 0:00:19]} 63. Kd4 {[%clk 0:00:08]} Ne2+ {[%clk 0:00:20]} 64. Ke3
{[%clk 0:00:09]} Nc3 {[%clk 0:00:22]} 65. Qd6+ {[%clk 0:00:09]} Kb3
{[%clk 0:00:23]} 66. Kd4 {[%clk 0:00:09]} Ne2+ {[%clk 0:00:24]} 67. Kc5
{[%clk 0:00:08]} Nc3 {[%clk 0:00:25]} 68. Qg3 {[%clk 0:00:07]} Kc2
{[%clk 0:00:23]} 69. Kb4 {[%clk 0:00:07]} Ne4 {[%clk 0:00:23]} 70. Qg2+
{[%clk 0:00:07]} Kd3 {[%clk 0:00:25]} 71. Kxb5 {[%clk 0:00:06]} c3
{[%clk 0:00:26]} 72. Qf3+ {[%clk 0:00:06]} Kd2 {[%clk 0:00:23]} 73. Qxe4 c2 74.
Qd4+ {[%clk 0:00:07]} Ke2 {[%clk 0:00:26]} 75. Qc3 {[%clk 0:00:07]} Kd1
{[%clk 0:00:28]} 76. Qd3+ {[%clk 0:00:08]} Kc1 {[%clk 0:00:29]} 77. Kb4
{[%clk 0:00:08]} Kb2 {[%clk 0:00:28]} 78. Qc3+ {[%clk 0:00:08]} Kb1
{[%clk 0:00:32]} 79. Kb3 {[%clk 0:00:04]} c1=Q {[%clk 0:00:32]} 80. Qd3+
{[%clk 0:00:05]} Ka1 {[%clk 0:00:33]} 81. Qa6+ {[%clk 0:00:07]} 1-0

[Event "Blitz 2018"]
[Site "Saint-Petersburg"]
[Date "2018.12.30"]
[Round "15"]
[Board "97"]
[White "Kabanov Nikolai (RUS)"]
[Black "Khayat Abdullah F (KSA)"]
[Result "1-0"]
[BlackElo "1709"]
[WhiteElo "2311"]
[LiveChessVersion "1.4.8"]

1. e4 {[%clk 0:03:03]} d5 {[%clk 0:03:01]} 2. exd5 {[%clk 0:03:03]} Qxd5
{[%clk 0:03:01]} 3. Nc3 {[%clk 0:03:04]} Qa5 {[%clk 0:03:02]} 4. Nf3
{[%clk 0:03:03]} Bg4 {[%clk 0:03:02]} 5. h3 {[%clk 0:03:02]} Bh5 {[%clk 0:03:03]}
6. d4 {[%clk 0:03:01]} c6 {[%clk 0:03:03]} 7. g4 {[%clk 0:02:59]} Bg6
{[%clk 0:03:03]} 8. Ne5 {[%clk 0:02:58]} e6 {[%clk 0:02:50]} 9. h4
{[%clk 0:02:58]} Nd7 {[%clk 0:02:43]} 10. Nc4 {[%clk 0:02:49]} Qc7
{[%clk 0:01:54]} 11. h5 {[%clk 0:02:49]} b5 {[%clk 0:01:47]} 12. hxg6
{[%clk 0:02:41]} bxc4 {[%clk 0:01:37]} 13. Rxh7 {[%clk 0:02:40]} Ne7
{[%clk 0:00:21]} 14. gxf7+ {[%clk 0:02:33]} Kxf7 {[%clk 0:00:19]} 15. Rxh8
{[%clk 0:02:33]} Nf6 {[%clk 0:00:16]} 16. Qf3 {[%clk 0:02:11]} Ng6
{[%clk 0:00:14]} 17. Rh1 {[%clk 0:01:53]} Ke8 {[%clk 0:00:04]} 18. Bxc4
{[%clk 0:01:48]} 1-0

[Event "Blitz 2018"]
[Site "Saint-Petersburg"]
[Date "2018.12.30"]
[Round "15"]
[Board "98"]
[White "Mamatov Melis (KGZ)"]
[Black "Al Turky Fahad A (KSA)"]
[Result "1-0"]
[BlackElo "1851"]
[WhiteElo "2213"]
[LiveChessVersion "1.4.8"]

1. e4 {[%clk 0:03:01]} e6 {[%clk 0:02:53]} 2. d4 {[%clk 0:03:01]} d5
{[%clk 0:02:54]} 3. Nd2 {[%clk 0:03:03]} Nf6 {[%clk 0:02:54]} 4. e5
{[%clk 0:03:01]} Nfd7 {[%clk 0:02:55]} 5. Bd3 {[%clk 0:02:56]} c5
{[%clk 0:02:56]} 6. c3 {[%clk 0:02:56]} Nc6 {[%clk 0:02:56]} 7. Ne2
{[%clk 0:02:57]} Qb6 {[%clk 0:02:53]} 8. O-O {[%clk 0:02:51]} cxd4
{[%clk 0:02:35]} 9. cxd4 {[%clk 0:02:52]} Nxd4 {[%clk 0:02:30]} 10. Nxd4
{[%clk 0:02:53]} Qxd4 {[%clk 0:02:30]} 11. Nf3 {[%clk 0:02:54]} Qg4
{[%clk 0:01:51]} 12. h3 {[%clk 0:02:30]} Qh5 {[%clk 0:01:50]} 13. Bf4
{[%clk 0:02:09]} f5 {[%clk 0:01:36]} 14. exf6 {[%clk 0:02:00]} Nxf6
{[%clk 0:01:33]} 15. Re1 {[%clk 0:01:51]} Bc5 {[%clk 0:01:07]} 16. Rc1
{[%clk 0:01:39]} Bb6 {[%clk 0:01:07]} 17. Qa4+ {[%clk 0:01:34]} Bd7
{[%clk 0:01:06]} 18. Rxe6+ {[%clk 0:01:17]} Kf7 {[%clk 0:01:05]} 19. Rxf6+
{[%clk 0:01:18]} gxf6 {[%clk 0:00:54]} 20. Qxd7+ {[%clk 0:01:18]} Kg8
{[%clk 0:00:46]} 21. Bf5 {[%clk 0:01:12]} Rf8 {[%clk 0:00:36]} 22. Be6+
{[%clk 0:01:10]} Rf7 {[%clk 0:00:36]} 23. Nh4 {[%clk 0:00:36]} Kg7
{[%clk 0:00:09]} 24. Nf5+ {[%clk 0:00:36]} Kg6 {[%clk 0:00:09]} 25. Bxf7#
{[%clk 0:00:36]} 1-0

[Event "Blitz 2018"]
[Site "Saint-Petersburg"]
[Date "2018.12.30"]
[Round "16"]
[Board "3"]
[White "Gelfand Boris (ISR)"]
[Black "Svidler Peter (RUS)"]
[Result "1/2-1/2"]
[BlackElo "2770"]
[WhiteElo "2722"]
[LiveChessVersion "1.4.8"]

1. Nf3 {[%clk 0:03:03]} Nf6 {[%clk 0:03:03]} 2. c4 {[%clk 0:03:04]} c5
{[%clk 0:03:04]} 3. Nc3 {[%clk 0:03:05]} d5 {[%clk 0:03:05]} 4. cxd5
{[%clk 0:03:06]} Nxd5 {[%clk 0:03:06]} 5. e3 {[%clk 0:03:07]} Nxc3
{[%clk 0:03:07]} 6. dxc3 {[%clk 0:03:09]} Qc7 {[%clk 0:03:04]} 7. e4
{[%clk 0:03:07]} Nc6 {[%clk 0:03:03]} 8. Be3 {[%clk 0:03:07]} e6 {[%clk 0:03:01]}
9. Nd2 {[%clk 0:03:08]} Be7 {[%clk 0:02:52]} 10. Qg4 {[%clk 0:03:04]} O-O
{[%clk 0:02:42]} 11. Qg3 {[%clk 0:02:58]} Bd6 {[%clk 0:02:16]} 12. f4
{[%clk 0:02:58]} Rd8 {[%clk 0:02:11]} 13. Be2 {[%clk 0:02:36]} b6
{[%clk 0:01:51]} 14. O-O {[%clk 0:02:30]} Bb7 {[%clk 0:01:52]} 15. Rad1
{[%clk 0:02:20]} Bf8 {[%clk 0:01:50]} 16. Kh1 {[%clk 0:02:17]} Rd7
{[%clk 0:01:43]} 17. Nf3 {[%clk 0:01:32]} 1/2-1/2

[Event "Blitz 2018"]
[Site "Saint-Petersburg"]
[Date "2018.12.30"]
[Round "16"]
[Board "5"]
[White "Aronian Levon (ARM)"]
[Black "Sjugirov Sanan (RUS)"]
[Result "1-0"]
[LiveChessVersion "1.4.8"]
[BlackElo "2748"]
[WhiteElo "2858"]

1. e4 c5 2. Nf3 d6 3. Bb5+ Nd7 4. c3 Ngf6 5. Bd3 g6 6. Bc2 Bg7 7. d4 O-O 8. O-O
Qc7 9. Re1 e5 10. a4 b6 11. Na3 a6 12. Bg5 h6 13. Bh4 Re8 14. dxe5 Nxe5 15. Nxe5
dxe5 16. Nc4 Be6 17. Ne3 Qc6 18. Qf3 Nh5 19. Red1 Nf4 20. Bg3 g5 21. Nd5 c4 22.
Bxf4 exf4 23. g3 Bxd5 24. exd5 Qd6 25. gxf4 gxf4 26. Kh1 Kf8 27. Rg1 Rad8 28.
Rad1 Re5 29. Rd4 Rg5 30. Rxc4 Qxd5 31. Re4 Be5 32. Rd1 Qa8 33. Rxd8+ Qxd8 34. Bd3
Qd5 35. h4 Rf5 36. Kg2 Rf6 37. Rc4 Qxf3+ 38. Kxf3 Rd6 39. Rc8+ Kg7 40. Bxa6 Rd2
41. b4 Ra2 42. Ke4 Bf6 43. Rc7 Rxa4 44. Bc4 Bxh4 45. Kf5 Ra3 46. Rxf7+ Kh8 47.
Kg6 Ra8 48. Rh7# 1-0

[Event "Blitz 2018"]
[Site "Saint-Petersburg"]
[Date "2018.12.30"]
[Round "16"]
[Board "6"]
[White "Tsydypov Zhamsaran (RUS)"]
[Black "Nepomniachtchi Ian (RUS)"]
[Result "1-0"]
[LiveChessVersion "1.4.8"]
[BlackElo "2846"]
[WhiteElo "2573"]

1. e4 {[%clk 0:03:02]} c5 {[%clk 0:03:03]} 2. Nf3 {[%clk 0:03:00]} d6
{[%clk 0:03:05]} 3. d4 {[%clk 0:03:01]} cxd4 {[%clk 0:03:06]} 4. Nxd4
{[%clk 0:03:02]} Nf6 {[%clk 0:03:07]} 5. Nc3 {[%clk 0:03:03]} a6 {[%clk 0:03:08]}
6. Bg5 {[%clk 0:02:58]} e6 {[%clk 0:03:08]} 7. f4 {[%clk 0:02:58]} Nbd7
{[%clk 0:03:08]} 8. Qe2 {[%clk 0:02:48]} Qc7 {[%clk 0:03:07]} 9. O-O-O
{[%clk 0:02:38]} b5 {[%clk 0:03:02]} 10. a3 {[%clk 0:02:36]} Bb7 {[%clk 0:03:01]}
11. g4 {[%clk 0:02:28]} h6 {[%clk 0:03:02]} 12. Bh4 {[%clk 0:02:23]} Be7
{[%clk 0:03:02]} 13. Be1 {[%clk 0:02:05]} Rc8 {[%clk 0:02:53]} 14. Bg2
{[%clk 0:02:06]} Qc4 {[%clk 0:02:52]} 15. Qd2 {[%clk 0:00:46]} Nxg4
{[%clk 0:02:30]} 16. Rg1 {[%clk 0:00:39]} b4 {[%clk 0:02:21]} 17. axb4
{[%clk 0:00:38]} Qxb4 {[%clk 0:02:22]} 18. Bf3 {[%clk 0:00:33]} Nb6
{[%clk 0:02:11]} 19. Nb3 {[%clk 0:00:16]} Nc4 {[%clk 0:02:10]} 20. Qe2
{[%clk 0:00:15]} Nge3 {[%clk 0:01:58]} 21. Rd3 {[%clk 0:00:17]} Nxb2
{[%clk 0:01:58]} 22. Kxb2 {[%clk 0:00:16]} Nc4+ {[%clk 0:01:58]} 23. Kb1
{[%clk 0:00:17]} Qa3 {[%clk 0:01:38]} 24. Nd1 {[%clk 0:00:18]} Bf6
{[%clk 0:01:39]} 25. e5 {[%clk 0:00:18]} Bxf3 {[%clk 0:01:39]} 26. Rxf3
{[%clk 0:00:16]} dxe5 {[%clk 0:01:35]} 27. Rc3 {[%clk 0:00:15]} Qb4
{[%clk 0:01:19]} 28. fxe5 {[%clk 0:00:12]} Bxe5 {[%clk 0:01:20]} 29. Qxe5
{[%clk 0:00:11]} Na3+ {[%clk 0:01:05]} 30. Kc1 {[%clk 0:00:10]} Nc4
{[%clk 0:01:03]} 31. Qxg7 {[%clk 0:00:09]} Rf8 {[%clk 0:01:04]} 32. Qd4
{[%clk 0:00:07]} Qa3+ {[%clk 0:00:53]} 33. Kb1 Qb4 34. Rg4 {[%clk 0:00:07]} e5
{[%clk 0:00:54]} 35. Rxc4 {[%clk 0:00:06]} Rxc4 {[%clk 0:00:54]} 36. Qxe5+
{[%clk 0:00:07]} 1-0

[Event "Blitz 2018"]
[Site "Saint-Petersburg"]
[Date "2018.12.30"]
[Round "16"]
[Board "7"]
[White "Artemiev Vladislav (RUS)"]
[Black "Bosiocic Marin (CRO)"]
[Result "1-0"]
[LiveChessVersion "1.4.8"]
[BlackElo "2653"]
[WhiteElo "2825"]

1. d4 {[%clk 0:03:02]} d6 {[%clk 0:03:04]} 2. e4 {[%clk 0:03:02]} Nf6
{[%clk 0:03:05]} 3. Nc3 {[%clk 0:03:04]} g6 {[%clk 0:03:06]} 4. Nf3
{[%clk 0:03:04]} Bg7 {[%clk 0:03:05]} 5. Be3 {[%clk 0:03:04]} O-O
{[%clk 0:03:06]} 6. h3 {[%clk 0:03:06]} c6 {[%clk 0:03:06]} 7. a4
{[%clk 0:03:07]} Nbd7 {[%clk 0:03:07]} 8. a5 {[%clk 0:03:08]} Qc7
{[%clk 0:03:07]} 9. Be2 {[%clk 0:03:04]} e5 {[%clk 0:03:04]} 10. dxe5
{[%clk 0:02:57]} Nxe5 {[%clk 0:03:03]} 11. O-O {[%clk 0:02:54]} Re8
{[%clk 0:02:47]} 12. Nxe5 {[%clk 0:02:52]} dxe5 {[%clk 0:02:47]} 13. Bc4
{[%clk 0:02:54]} Nd7 {[%clk 0:02:39]} 14. Qf3 {[%clk 0:02:38]} Nf8
{[%clk 0:02:40]} 15. Bb6 {[%clk 0:02:32]} Qe7 {[%clk 0:02:31]} 16. Bc5
{[%clk 0:02:33]} Qf6 {[%clk 0:02:26]} 17. Qxf6 {[%clk 0:02:26]} Bxf6
{[%clk 0:02:26]} 18. Rfd1 {[%clk 0:02:13]} Be6 {[%clk 0:02:26]} 19. Ra4
{[%clk 0:01:57]} Bxc4 {[%clk 0:02:00]} 20. Rxc4 {[%clk 0:01:58]} Ne6
{[%clk 0:02:01]} 21. Be3 {[%clk 0:01:59]} Nd4 {[%clk 0:01:55]} 22. Na4
{[%clk 0:01:57]} Rad8 {[%clk 0:01:28]} 23. Rd2 {[%clk 0:01:58]} h5
{[%clk 0:00:44]} 24. Kf1 {[%clk 0:01:34]} Kg7 {[%clk 0:00:26]} 25. Ke1
{[%clk 0:01:28]} g5 {[%clk 0:00:23]} 26. c3 {[%clk 0:01:25]} Nb3 {[%clk 0:00:24]}
27. Rxd8 {[%clk 0:01:23]} Rxd8 {[%clk 0:00:25]} 28. a6 {[%clk 0:00:51]} b5
{[%clk 0:00:26]} 29. Rxc6 {[%clk 0:00:47]} bxa4 {[%clk 0:00:26]} 30. Bxa7
{[%clk 0:00:48]} Ra8 {[%clk 0:00:27]} 31. Be3 {[%clk 0:00:48]} Na5
{[%clk 0:00:22]} 32. Rd6 {[%clk 0:00:37]} Nc4 {[%clk 0:00:23]} 33. Rc6
{[%clk 0:00:39]} Nxe3 {[%clk 0:00:24]} 34. fxe3 {[%clk 0:00:40]} Bd8
{[%clk 0:00:18]} 35. Kd2 {[%clk 0:00:42]} Kf8 {[%clk 0:00:19]} 36. Kd3
{[%clk 0:00:43]} Ke7 {[%clk 0:00:20]} 37. Kc4 {[%clk 0:00:44]} Kd7
{[%clk 0:00:21]} 38. Kd5 {[%clk 0:00:45]} Rb8 {[%clk 0:00:15]} 39. a7
{[%clk 0:00:43]} Ra8 {[%clk 0:00:14]} 40. Ra6 {[%clk 0:00:45]} Kc7
{[%clk 0:00:15]} 41. Rxa4 {[%clk 0:00:41]} Kb7 {[%clk 0:00:16]} 42. Kxe5
{[%clk 0:00:36]} Rxa7 {[%clk 0:00:18]} 43. Rxa7+ {[%clk 0:00:37]} Kxa7
{[%clk 0:00:19]} 44. Kd6 {[%clk 0:00:32]} Kb6 {[%clk 0:00:19]} 45. c4
{[%clk 0:00:33]} Bf6 {[%clk 0:00:15]} 46. e5 {[%clk 0:00:34]} Bg7
{[%clk 0:00:15]} 47. c5+ {[%clk 0:00:31]} Kb7 {[%clk 0:00:15]} 48. b4
{[%clk 0:00:32]} Kc8 {[%clk 0:00:14]} 49. e6 {[%clk 0:00:10]} fxe6
{[%clk 0:00:13]} 50. Kxe6 {[%clk 0:00:11]} Kc7 {[%clk 0:00:13]} 51. e4
{[%clk 0:00:13]} Bc3 {[%clk 0:00:11]} 52. b5 {[%clk 0:00:14]} Bb4
{[%clk 0:00:10]} 53. c6 {[%clk 0:00:16]} Bd2 {[%clk 0:00:07]} 54. e5
{[%clk 0:00:17]} Bf4 {[%clk 0:00:08]} 55. Kf6 {[%clk 0:00:18]} g4
{[%clk 0:00:04]} 56. hxg4 {[%clk 0:00:19]} hxg4 {[%clk 0:00:05]} 57. e6
{[%clk 0:00:21]} Kd8 {[%clk 0:00:04]} 58. Kf7 {[%clk 0:00:21]} Bd6
{[%clk 0:00:05]} 59. b6 {[%clk 0:00:22]} Kc8 {[%clk 0:00:05]} 60. e7
{[%clk 0:00:23]} 1-0

[Event "Blitz 2018"]
[Site "Saint-Petersburg"]
[Date "2018.12.30"]
[Round "16"]
[Board "8"]
[White "Karjakin Sergey (RUS)"]
[Black "Smirin Ilia (ISR)"]
[Result "1-0"]
[LiveChessVersion "1.4.8"]
[BlackElo "2582"]
[WhiteElo "2759"]

1. e4 {[%clk 0:03:03]} c5 {[%clk 0:03:04]} 2. Nf3 {[%clk 0:03:04]} e6
{[%clk 0:03:04]} 3. d4 {[%clk 0:03:05]} cxd4 {[%clk 0:03:05]} 4. Nxd4
{[%clk 0:03:06]} a6 {[%clk 0:03:06]} 5. c4 {[%clk 0:03:07]} Nf6 {[%clk 0:03:05]}
6. Nc3 {[%clk 0:03:08]} Qc7 {[%clk 0:03:05]} 7. a3 {[%clk 0:03:06]} b6
{[%clk 0:03:04]} 8. Be3 {[%clk 0:03:06]} Bb7 {[%clk 0:03:04]} 9. f3
{[%clk 0:03:06]} d6 {[%clk 0:03:03]} 10. Rc1 {[%clk 0:03:04]} Nbd7
{[%clk 0:03:03]} 11. Be2 {[%clk 0:02:55]} Rc8 {[%clk 0:03:02]} 12. O-O
{[%clk 0:02:53]} Be7 {[%clk 0:03:03]} 13. b4 {[%clk 0:02:43]} Qb8
{[%clk 0:03:03]} 14. Qd2 {[%clk 0:02:40]} Bd8 {[%clk 0:02:57]} 15. Kh1
{[%clk 0:02:32]} h5 {[%clk 0:02:57]} 16. Nb3 {[%clk 0:02:15]} h4 {[%clk 0:02:52]}
17. Rfd1 {[%clk 0:02:07]} Bc7 {[%clk 0:02:35]} 18. Bf4 {[%clk 0:02:06]} Ne5
{[%clk 0:01:59]} 19. c5 {[%clk 0:01:22]} dxc5 {[%clk 0:01:58]} 20. Bg5
{[%clk 0:00:52]} h3 {[%clk 0:01:51]} 21. g3 {[%clk 0:00:51]} c4 {[%clk 0:01:42]}
22. Nd4 {[%clk 0:00:51]} b5 {[%clk 0:01:40]} 23. a4 {[%clk 0:00:47]} bxa4
{[%clk 0:01:36]} 24. Nxa4 {[%clk 0:00:47]} Nxe4 {[%clk 0:00:47]} 25. fxe4
{[%clk 0:00:46]} Bxe4+ {[%clk 0:00:49]} 26. Kg1 {[%clk 0:00:47]} Ba8
{[%clk 0:00:44]} 27. Nc5 {[%clk 0:00:42]} Bb6 {[%clk 0:00:42]} 28. Qe3
{[%clk 0:00:21]} Rxc5 {[%clk 0:00:39]} 29. bxc5 {[%clk 0:00:22]} Bxc5
{[%clk 0:00:40]} 30. Rb1 {[%clk 0:00:18]} Qd6 {[%clk 0:00:40]} 31. Kf1
{[%clk 0:00:07]} Qd5 {[%clk 0:00:36]} 32. Rb8+ {[%clk 0:00:06]} Kd7
{[%clk 0:00:36]} 33. Nf3 {[%clk 0:00:06]} Qxd1+ {[%clk 0:00:31]} 34. Bxd1
{[%clk 0:00:07]} Bxe3 {[%clk 0:00:32]} 35. Nxe5+ {[%clk 0:00:08]} Kc7
{[%clk 0:00:33]} 36. Rxh8 {[%clk 0:00:08]} 1-0

[Event "Blitz 2018"]
[Site "Saint-Petersburg"]
[Date "2018.12.30"]
[Round "16"]
[Board "10"]
[White "Giri Anish (NED)"]
[Black "Matlakov Maxim (RUS)"]
[Result "1/2-1/2"]
[LiveChessVersion "1.4.8"]
[BlackElo "2653"]
[WhiteElo "2751"]

1. e4 {[%clk 0:03:04]} e5 {[%clk 0:03:03]} 2. Nf3 {[%clk 0:03:05]} Nc6
{[%clk 0:03:04]} 3. Bc4 {[%clk 0:03:06]} Nf6 {[%clk 0:03:05]} 4. d3
{[%clk 0:03:08]} h6 {[%clk 0:03:06]} 5. O-O {[%clk 0:03:06]} d6 {[%clk 0:03:06]}
6. c3 {[%clk 0:03:06]} g5 {[%clk 0:03:07]} 7. Nbd2 {[%clk 0:02:57]} Bg7
{[%clk 0:03:08]} 8. Bb3 {[%clk 0:02:57]} O-O {[%clk 0:03:08]} 9. Nc4
{[%clk 0:02:56]} d5 {[%clk 0:02:07]} 10. Ncxe5 {[%clk 0:02:34]} dxe4
{[%clk 0:02:01]} 11. dxe4 {[%clk 0:02:31]} Nxe5 {[%clk 0:01:48]} 12. Nxe5
{[%clk 0:02:31]} Qxd1 {[%clk 0:01:40]} 13. Rxd1 {[%clk 0:02:31]} Nxe4
{[%clk 0:01:41]} 14. Nd3 {[%clk 0:02:18]} Re8 {[%clk 0:01:35]} 15. Be3
{[%clk 0:02:11]} Bf5 {[%clk 0:01:31]} 16. a4 {[%clk 0:01:48]} a5 {[%clk 0:01:32]}
17. Bc2 {[%clk 0:01:39]} Nd6 {[%clk 0:01:30]} 18. Bb3 {[%clk 0:01:35]} Rad8
{[%clk 0:01:28]} 19. Ne1 {[%clk 0:01:27]} Be4 {[%clk 0:01:19]} 20. Bc5
{[%clk 0:01:20]} Nf5 {[%clk 0:01:14]} 21. Rxd8 {[%clk 0:01:12]} Rxd8
{[%clk 0:01:15]} 22. f3 {[%clk 0:01:12]} Bc6 {[%clk 0:01:16]} 23. Rd1
{[%clk 0:01:13]} Rxd1 {[%clk 0:01:10]} 24. Bxd1 {[%clk 0:01:14]} b6
{[%clk 0:01:11]} 25. Bf2 {[%clk 0:01:15]} Bd5 {[%clk 0:01:03]} 26. Nd3
{[%clk 0:01:06]} Nd6 {[%clk 0:01:03]} 27. Bg3 {[%clk 0:01:05]} Bf8
{[%clk 0:00:53]} 28. b3 {[%clk 0:00:56]} f6 {[%clk 0:00:54]} 29. c4
{[%clk 0:00:56]} Be6 {[%clk 0:00:53]} 30. c5 {[%clk 0:00:52]} Nb7
{[%clk 0:00:50]} 31. cxb6 cxb6 {[%clk 0:00:51]} 32. Kf1 {[%clk 0:00:37]} Nc5
{[%clk 0:00:52]} 33. Nxc5 {[%clk 0:00:37]} Bxc5 {[%clk 0:00:53]} 34. Bc2
{[%clk 0:00:35]} 1/2-1/2

[Event "Blitz 2018"]
[Site "Saint-Petersburg"]
[Date "2018.12.30"]
[Round "16"]
[Board "11"]
[White "Amin Bassem (EGY)"]
[Black "Zubov Alexander (UKR)"]
[Result "0-1"]
[LiveChessVersion "1.4.8"]
[BlackElo "2729"]
[WhiteElo "2659"]

1. Nf3 {[%clk 0:03:03]} d5 {[%clk 0:03:03]} 2. g3 {[%clk 0:03:04]} g6
{[%clk 0:03:01]} 3. Bg2 {[%clk 0:03:05]} Bg7 {[%clk 0:03:02]} 4. O-O
{[%clk 0:03:05]} e5 {[%clk 0:02:53]} 5. d3 {[%clk 0:03:06]} Ne7 {[%clk 0:02:52]}
6. e4 {[%clk 0:03:07]} O-O {[%clk 0:02:51]} 7. exd5 {[%clk 0:03:08]} Nxd5
{[%clk 0:02:52]} 8. Nc3 {[%clk 0:03:09]} Ne7 {[%clk 0:02:44]} 9. Re1
{[%clk 0:03:07]} Nbc6 {[%clk 0:02:45]} 10. a4 {[%clk 0:03:08]} h6
{[%clk 0:02:42]} 11. a5 {[%clk 0:03:09]} a6 {[%clk 0:02:44]} 12. Be3
{[%clk 0:03:06]} Nd4 {[%clk 0:02:41]} 13. Qd2 {[%clk 0:02:45]} Kh7
{[%clk 0:02:28]} 14. Bxd4 {[%clk 0:02:37]} exd4 {[%clk 0:02:29]} 15. Ne4
{[%clk 0:02:38]} Nc6 {[%clk 0:02:24]} 16. b4 {[%clk 0:02:22]} Rb8
{[%clk 0:02:22]} 17. Nc5 {[%clk 0:02:17]} Qd6 {[%clk 0:02:16]} 18. Rab1
{[%clk 0:02:00]} Na7 {[%clk 0:02:05]} 19. Qe2 {[%clk 0:01:46]} b6
{[%clk 0:01:55]} 20. axb6 {[%clk 0:01:45]} cxb6 {[%clk 0:01:56]} 21. Ne4
{[%clk 0:01:35]} Qc7 {[%clk 0:01:48]} 22. h4 {[%clk 0:01:06]} Kh8
{[%clk 0:01:33]} 23. Qd1 {[%clk 0:00:28]} Nb5 {[%clk 0:01:31]} 24. Qc1
{[%clk 0:00:24]} Bb7 {[%clk 0:01:13]} 25. Ned2 {[%clk 0:00:16]} Nc3
{[%clk 0:01:10]} 26. Ra1 {[%clk 0:00:17]} Rfe8 {[%clk 0:01:07]} 27. Kh2
{[%clk 0:00:17]} Bd5 {[%clk 0:01:01]} 28. Rxa6 {[%clk 0:00:13]} Qc6
{[%clk 0:00:51]} 29. Ra7 {[%clk 0:00:08]} Kg8 {[%clk 0:00:48]} 30. Qa1
{[%clk 0:00:05]} Bf6 {[%clk 0:00:37]} 31. Qc1 {[%clk 0:00:03]} Kg7
{[%clk 0:00:37]} 32. Qa1 {[%clk 0:00:03]} g5 {[%clk 0:00:36]} 33. hxg5
{[%clk 0:00:04]} hxg5 {[%clk 0:00:37]} 34. Kg1 {[%clk 0:00:04]} g4
{[%clk 0:00:33]} 35. Nh4 {[%clk 0:00:04]} Bxh4 {[%clk 0:00:33]} 36. Bxd5
{[%clk 0:00:04]} Qxd5 {[%clk 0:00:34]} 37. gxh4 {[%clk 0:00:05]} Ne2+
{[%clk 0:00:15]} 38. Kh2 {[%clk 0:00:04]} Qe5+ {[%clk 0:00:11]} 39. Kg2
{[%clk 0:00:03]} Qf4 {[%clk 0:00:05]} 40. Ne4 {[%clk 0:00:03]} Qf3+
{[%clk 0:00:05]} 41. Kf1 {[%clk 0:00:03]} Nc3 {[%clk 0:00:03]} 42. Kg1
{[%clk 0:00:03]} Rbd8 {[%clk 0:00:03]} 43. Rc7 {[%clk 0:00:04]} Rf8
{[%clk 0:00:04]} 44. Qa7 {[%clk 0:00:05]} Ne2+ {[%clk 0:00:05]} 45. Kf1
{[%clk 0:00:06]} Nf4 {[%clk 0:00:06]} 46. Rxf7+ {[%clk 0:00:05]} Rxf7
{[%clk 0:00:08]} 47. Qxf7+ {[%clk 0:00:03]} Kxf7 {[%clk 0:00:07]} 48. Ng5+
{[%clk 0:00:03]} Kf6 {[%clk 0:00:09]} 49. Nxf3 {[%clk 0:00:04]} gxf3
{[%clk 0:00:10]} 50. Re4 {[%clk 0:00:05]} Kf5 {[%clk 0:00:11]} 51. Re7
{[%clk 0:00:04]} Ra8 {[%clk 0:00:11]} 52. Rf7+ {[%clk 0:00:04]} Ke6
{[%clk 0:00:12]} 0-1